Trouve le joueur 🇫🇷⚽️ - Statistiques

Statistiques générales
  • Ce quiz a Ă©tĂ© pris 159 fois
  • Le rĂ©sultat moyen est 24 sur 30
Statistiques - réponses
Par images Réponse % Correct
Mbappe
99%
Zidane
99%
Benzema
98%
Henry
97%
Lloris
97%
N'golo Kanté
96%
Pogba
96%
Doué
94%
Ribéry
94%
Hernandez
93%
Payet
93%
Umtiti
93%
Evra
92%
Lizarazu
90%
Platini
90%
Thuram
88%
Desailly
85%
Gameiro
79%
Koscielny
79%
Govou
75%
Ajorque
71%
Sagna
71%
Giuly
68%
Grenier
68%
Landreau
68%
Sanson
65%
Schneiderlin
54%
Santamaria
46%
Kolodziejczak
26%
Baratte
7%
Aucun quiz correspondant
Distribution des résultats
% des personnes avec chaque résultat
Percentile par nombre de réponses
Votre historique - résultats
Vous n’avez pas pris ce quiz